greetings in different languages - Statistics

General Stats
  • This quiz has been taken 50 times
  • The average score is 16 of 25
Answer Stats
version of hello country % Correct
Bonjour French
100%
Hola Spanish
100%
Hello English
98%
Ciao Italian
98%
Konnichiwa Japanese
98%
Hallo German
95%
as-salam alaykom Arabic
88%
Marhaba Arabic
88%
Ola Portuguese
88%
ahn-young-ha-se-yo Korean
81%
Ni Hau Mandarin
81%
Shalom Hebrew
79%
Namaste Hindi
79%
zdras- tvuy-te Russian
77%
merhaba Turkish
60%
Jambo swahili
53%
Salaam Persian
49%
Ney Hoh Cantonese
44%
Ahoj Czech
40%
Ow ya Goin Mate Australian
30%
sain Bainnu Mongolian
16%
Sannu Hausa
14%
Szia Hungary
7%
Salemetsiz be kazakhstan
5%
Halo Bahasa Indonesia
0%
No matching quizzes found
Score Distribution
Percent of People with Each Score
Percentile by Number Answered
Your Score History
You have not taken this quiz